00676cam a2200181 4500008004100000020001800041035002000059040000500079050002200084100002000106110000500126245010300131260007000234650002100304700002200325999001900347952012800366090430n 000 0 eng u a9781599700007 a(Sirsi) a164865 a aRZC 0162 HUB 2007 aHubbard, L. Ron a aThe way to happiness [sound recording] :ba common sense guide to better living /cL. Ron Hubbard. aGlendale, CA :bWay to Happiness Foundation International,c2007. aConduct of life. aLaFleur, Art. nrt c111847d111847 00102lcc4070aMAINbMAINcON-SHELFg0.00l0oRZC 0162 HUB 2007p33729005112128r2019-08-19 00:00:00t1w2019-08-19yBOOK